Statistics for Largest cities in Madagascar

Click here to take the quiz!

General Stats

  • This quiz has been taken 35 times
  • The average score is 3 of 7

Answer Stats

Population Answer % Correct
1,391,433 Antananarivo
90%
186,253Antsirabe
50%
206,373Toamasina
40%
115,319Toliara
40%
154,267Mahajanga
30%
167,227Fianarantsoa
20%
82,937Antsiranana
20%

Score Distribution

Percentile by Number Answered

Percent of People with Each Score

Your Score History

You have not taken this quiz